00552nam a2200193Ia 450000500170000000800410001704000190005804100120007708200110008910000180010024500450011826000250016330000120018865000230020085000100022394200070023399900170024095201010025720230913112544.0131103s9999 xx 000 0 und d aLoreto College aEnglish aFbLUD aLudlum,Robert 4aThe Scarlatti InheritancecRobert Ludlum aHertsbPantherc1972 a336 p.  aFiction in English aLCLIB cBK c14231d64710 00102ddc4070aMAINbMAINd2013-11-04l0oF LUD 23493pB14258r2013-11-04w2013-11-04yBKf